000 00663nam a22002417a 4500
003 UA-OsUOA
001 75254
007 ta
008 20110516b un ||||| |||| 00| 0 ukr d
100 _aЛопата В.І.
090 _a821.161.2
_bЛ77
942 _cBK
040 _aUA-OsUOA
_bukr
_cUA-OsUOA
_dUA-OsUOA
245 _aДесь на дні мого серця
_bавтобіограф. повість
300 _a216 с.
955 _a3
041 _aukr
080 _a821.161.2
020 _a966-578-028-Х
260 _aК.
_bДніпро
_c2001
650 7 _a82 Література. Літературознавство
_2UDC
999 _c361552
_d361552